Economic Development, Growth And Institutions (Record no. 42760)

MARC details
000 -LEADER
fixed length control field 00326nam a2200121Ia 4500
008 - FIXED-LENGTH DATA ELEMENTS--GENERAL INFORMATION
fixed length control field 241028s9999 xx 000 0 und d
041 ## - LANGUAGE CODE
Language code of text/sound track or separate title eng
082 ## - DEWEY DECIMAL CLASSIFICATION NUMBER
Classification number 338.9 LOC
100 ## - MAIN ENTRY--PERSONAL NAME
Personal name Christopher Lockhart
245 ## - TITLE STATEMENT
Title Economic Development, Growth And Institutions
260 ## - PUBLICATION, DISTRIBUTION, ETC.
Name of publisher, distributor, etc. Willford Press
Place of publication, distribution, etc. USA
Date of publication, distribution, etc. 2023
300 ## - PHYSICAL DESCRIPTION
Extent 232;. P. 25 cm
Holdings
Withdrawn status Lost status Damaged status Not for loan Home library Current library Shelving location Date acquired Cost, normal purchase price Full call number Barcode Date last seen Cost, replacement price Price effective from Koha item type
        IMTN IMTN Rack 13-A 07/03/2024 14013.00 338.9 LOC 33189 10/28/2024 162.00 10/28/2024 Books
Designed & Maintained by: LRC IMT Nagpur Contact: lrc@imtnag.ac.in© 2024. All Rights Reserved.